[Event "7th Dortmund Meeting"]
[Site "Dortmund GER"]
[Date "1979.04.21"]
[Round "11"]
[White "Boehmfeldt, Bruno"]
[Black "Borik, Otto"]
[WhiteElo "2230"]
[BlackElo "2395"]
[Result "1/2-1/2"]
[EventDate "1979.04.10"]
[PlyCount "81"]

1.e4 e6 2.d4 d5 3.e5 c5 4.c3 Nc6 5.Nf3 Qb6 6.a3 a5 7.b3 Bd7 8.Be2 cxd4 9.
cxd4 Rc8 10.O-O Nge7 11.Bb2 Nf5 12.g4 Nfe7 13.Nc3 h5 14.Na4 Qa7 15.h3 hxg4
16.hxg4 Ng6 17.Qd2 b5 18.Nc3 Qb6 19.Rac1 Na7 20.Na2 Nc6 21.Rc2 Be7 22.Nc1 
O-O 23.Bd3 Be8 24.g5 a4 25.b4 Na7 26.Ne2 Rxc2 27.Bxc2 Qd8 28.Bc1 Nc8 29.
Bd3 Nb6 30.Ng3 Kh7 31.Kg2 Rh8 32.Qf4 Kg8 33.Qg4 Qc8 34.Ne2 Nc4 35.Rh1 Rxh1
36.Kxh1 Nf8 37.Bb1 g6 38.Nh2 Nh7 39.f4 Bf8 40.Qh3 Bc6 41.Ng4 1/2-1/2

[Event "7th Dortmund Meeting"]
[Site "Dortmund GER"]
[Date "1979.04.21"]
[Round "11"]
[White "Schussler, Harry"]
[Black "Gerusel, Mathias"]
[WhiteElo "2365"]
[BlackElo "2425"]
[Result "1/2-1/2"]
[EventDate "1979.04.10"]
[PlyCount "29"]

1.d4 d5 2.c4 dxc4 3.Nf3 Nf6 4.e3 Bg4 5.Bxc4 e6 6.h3 Bh5 7.Nc3 Nbd7 8.O-O 
Bd6 9.e4 e5 10.Be2 O-O 11.dxe5 Nxe5 12.Kh1 Nxf3 13.Bxf3 Bxf3 14.Qxf3 Qe7 
15.Re1 1/2-1/2